Największe miasta Polski - Statystyki

Ogólne statystyki
  • Ten quiz został rozwiązany 1 229 razy
  • Średni wynik to 24 z 38
Statystyki odpowiedzi
Liczba ludności Miasto % Poprawnych
ok. 1,765 (mln) Warszawa
100%
500tys - 1mln Kraków
98%
250tys - 499tys Gdańsk
96%
500tys - 1mln Wrocław
96%
500tys - 1mln Poznań
95%
100tys - 249tys Gdynia
93%
500tys - 1mln Łódź
92%
250tys - 499tys Szczecin
90%
250tys - 499tys Katowice
89%
250tys - 499tys Białystok
86%
250tys - 499tys Lublin
86%
250tys - 499tys Bydgoszcz
85%
100tys - 249tys Toruń
83%
100tys - 249tys Rzeszów
76%
100tys - 249tys Opole
72%
100tys - 249tys Zielona Góra
72%
100tys - 249tys Kielce
71%
100tys - 249tys Olsztyn
69%
100tys - 249tys Radom
69%
100tys - 249tys Częstochowa
67%
100tys - 249tys Gorzów Wielkopolski
63%
100tys - 249tys Sosnowiec
61%
100tys - 249tys Gliwice
60%
100tys - 249tys Zabrze
56%
100tys - 249tys Bielsko-Biała
46%
100tys - 249tys Koszalin
45%
100tys - 249tys Płock
45%
100tys - 249tys Elbląg
43%
100tys - 249tys Chorzów
42%
100tys - 249tys Tarnów
40%
100tys - 249tys Bytom
39%
100tys - 249tys Kalisz
37%
100tys - 249tys Tychy
35%
100tys - 249tys Wałbrzych
33%
100tys - 249tys Rybnik
31%
100tys - 249tys Dąbrowa Górnicza
30%
100tys - 249tys Włocławek
29%
100tys - 249tys Ruda Śląska
26%
Nie znaleziono quizów pasujących do podanych kryteriów
Rozkład punktacji
Procent ludzi z każdym wynikiem
Percentyl według liczby udzielonych odpowiedzi
Twoja historia wyników
Nie rozwiązałeś tego quizu